| 000 | 01294nam a2200205Ia 4500 | ||
|---|---|---|---|
| 001 | 15607 | ||
| 003 | GE_BSU | ||
| 008 | 181216s||||||||xx |||||||||||||| ||und|| | ||
| 040 | _cGE_BSU | ||
| 080 | _a341.983(47+57) + 94(47+57)"1941-1945" + 355.40 | ||
| 245 | _aგარდაუვალი შურისძიება: სამშობლოს მოღალატეთა ფაშისტ ჯალათთა და იმპერიალისტური დაზვერვის აგენტთა სასამართლო პროცესების მიხედვით | ||
| 245 | _c[თარგმნა ი. იაშვილმა].რედ. ე. დავითაძე. მხატვ.ჯ.მიქელაძე | ||
| 260 | _aბათუმი | ||
| 260 | _bსაბჭ. აჭარა | ||
| 260 | _c1976 | ||
| 300 | _a135გვ. ; 21სმ | ||
| 653 | _aგარდაუვალი შურისძიება | ||
| 653 | _aსამშობლოს მოღალატეთა ფაშისტ ჯალათთა და იმპერიალისტური დაზვერვის აგენტთა სასამართლო პროცესების მიხედვით | ||
| 942 | _cBK | ||
| 999 |
_c48707 _d48707 |
||